|
|
|
|
| LEADER |
00000nam a2200000 a 4500 |
| 001 |
vtls001481642 |
| 003 |
SK-MaSNL |
| 005 |
20260302073640.0 |
| 008 |
240318s1936 xx 0 und |
| 035 |
|
|
|a SNK000436939
|
| 040 |
|
|
|a SNK
|b slo
|c SNK
|e AACR2
|
| 100 |
1 |
|
|a Moyzes, Mikuláš,
|d 1872-1944
|4 aut
|9 123679
|
| 245 |
1 |
0 |
|a Siroty
|b melodráma
|
| 250 |
|
|
|a 1. vyd.
|
| 260 |
|
|
|a Lipt. Svätý Mikuláš
|b Tranoscius
|c [1936]
|
| 300 |
|
|
|a 3 s.
|
| 999 |
|
|
|c 1161797
|d 1163727
|
| 952 |
|
|
|t P60, <04>, [BOOK], {604}
|a SNK
|b SNK
|y VYP
|7 0
|p 17A0081843
|o snkHSB 801 D1
|i snkK 3246/71
|0 0
|1 0
|4 0
|d 2004-09-13
|l 0
|r 2005-01-02 00:00:00
|w 2026-02-24
|